Normal view
MARC view
- Trivedi,Shrridharbhai
Entry Personal Name
001 - CONTROL NUMBER
- control field: 103774
003 - CONTROL NUMBER IDENTIFIER
- control field: NUST
005 - DATE AND TIME OF LATEST TRANSACTION
- control field: 20221129135128.0
008 - FIXED-LENGTH DATA ELEMENTS
- fixed length control field: 221129|| aca||aabn | a|a d
040 ## - CATALOGING SOURCE
- Original cataloging agency: NUST
- Transcribing agency: NUST
100 ## - HEADING--PERSONAL NAME
- Personal name: Trivedi,Shrridharbhai
670 ## - SOURCE DATA FOUND
- Source citation: Work cat.: (NUST)176979: Trivedi,Shrridharbhai, Probabilty and Statistics with Reliability queuing and, 2002
